000 01173nam a22002897a 4500
999 _c63809
_d63809
005 20240530110700.0
008 171225s2015 ua a f b 000 0dara d
017 _a2015/8501
_bمصر. دار الكتب
020 _a9789779202358
040 _aEG-CaGPL
_cEG-CaGPL
082 0 4 _221
_a523.0932
_bق/ف ف
100 1 _aفرانشى ؛ ماسيميليانو
245 1 2 _aالفلك فى مصر القديمة /
_cتأليف ماسيميليانو فرانشى ؛ ترجمة فاطمة فوزى ؛ مراجعة علاء شاهين ، انس ابراهيم .
250 _aط.1
260 _aالقاهرة :
_bالمركز القومى للترجمة ،
_c2015 .
300 _a191 ص. ؛
_c24 سم.
490 _aالمركز القومى للترجمة ؛
_v2655
650 0 7 _2qrmak
_aالتنمية الاقتصادية
650 0 7 _2qrmak
_aالتنمية المستديمة
650 0 7 _2qrmak
_aالاستهلاك
651 _2qrmak
700 0 _aفاطمة فوزى
_eمترجم
700 0 _aعلاء شاهين
_eمراجع
700 0 _aانس ابراهيم
_eمراجع
942 _2ddc
_cBK